Speeches - BERNAMA

Detalles Bibliográficos
Formato: Electrónico Revista
Lenguaje:inglés
Publicado: Kuala Lumpur, Malaysia : Pertubuhan Berita Nasional Malaysia (BERNAMA)
Materias:
Acceso en línea:Full text available from Research Library: 01/01/1999 to 09/30/2004

MARC

LEADER 00000nas a2200000 i 4500
001 ssj0001078025
003 WaSeSS
005 20200512172242.0
006 m d
007 cr n
008 140106u19uuuuuumy m| p|s|||||| |0eng d
035 |a (WaSeSS)ssj0001078025 
040 |a WaSeSS  |b eng  |c WaSeSS  |d WaSeSS 
050 1 4 |a PN4071 
245 0 0 |a Speeches - BERNAMA  |h [electronic resource]. 
260 |a Kuala Lumpur, Malaysia :  |b Pertubuhan Berita Nasional Malaysia (BERNAMA) 
310 |a Monthly 
506 |a License restrictions may limit access. 
588 |a Description based on: January 1999; title from title screen (ProQuest, viewed Jan. 6, 2014). 
588 |a Latest issue consulted: September 2004 (viewed Jan. 6, 2014). 
650 0 |a Speech  |v Periodicals. 
655 0 |a Electronic journals. 
856 4 0 |z Full text available from Research Library: 01/01/1999 to 09/30/2004  |u https://search.proquest.com/publication/28240